Normal view MARC view
  • Gümüş, Mustafa Alper

Entry Personal Name

Number of records used in: 16

001 - CONTROL NUMBER

  • control field: 73151

003 - CONTROL NUMBER IDENTIFIER

  • control field: OCoLC

005 - DATE AND TIME OF LATEST TRANSACTION

  • control field: 20250901090523.0

008 - FIXED-LENGTH DATA ELEMENTS

  • fixed length control field: 040903n| acannaabn |n aaa

010 ## - LIBRARY OF CONGRESS CONTROL NUMBER

  • LC control number: n 2004054678

040 ## - CATALOGING SOURCE

  • Original cataloging agency: DLC
  • Language of cataloging: eng
  • Transcribing agency: DLC

100 1# - HEADING--PERSONAL NAME

  • Personal name: Gümüş, Mustafa Alper

670 ## - SOURCE DATA FOUND

  • Source citation: Gümüş, Mustafa Alper. Türk-İsviçre borçlar hukukunda vekilin özen borcu, 2001:
  • Information found: t.p. (Dr. Mustafa Alper Gümüş; prof. of law at Yeditepe Univ. in Turkey)

672 ## - TITLE RELATED TO THE ENTITY

  • Bibliographic record control number: 200430544
Devinim Yazılım Eğitim Danışmanlık tarafından Koha'nın orjinal sürümü uyarlanarak geliştirilip kurulmuştur.